000 00402nam a2200121Ia 4500
003 GCL
008 140319s9999 xx 000 0 ara d
040 _aGCL /
_cGCL
082 0 4 _a301.04
_bش ب
245 1 0 _aبلدان الخليج العربية ومسالة التحدث من القاضى الى الكادى
260 _a[S.N] :
_bدار الساقى ،
_c1992
490 _aبحوث اجتماعية
_v0
999 _c54982
_d54982